| 000 | 02389nam a22001817a 4500 | ||
|---|---|---|---|
| 999 |
_c176270 _d176270 |
||
| 005 | 20201208151444.0 | ||
| 010 | _aENG-128638 | ||
| 020 |
_a978-93-539-4779-8 _c869.00 |
||
| 035 | _aEN-112170 | ||
| 037 | _bDBAD/PUB | ||
| 082 | _a624.17 | ||
| 100 | _aHanson, James H. | ||
| 245 |
_aStructural Analysis: Skills for Practice _cJames H. Hanson |
||
| 260 |
_aUttar Pradesh _bPearson India Education Services Pvt. Ltd. _c2020 |
||
| 270 |
_bUttar Pradesh _e201301 _a15th Floor, Tower-B, World Trade Tower, Plot No.- 1, Block-C, Sector-16, Noida _mcompanysecretary.india@pearson.com _k044-66540100 |
||
| 300 |
_axii+909p. _c25cm(pbk) _bIncluding index and illustrations. |
||
| 942 |
_2ddc _cEN _h624.17 _mHAN |
||